00577nam a2200193Ia 4500008004100000020001400041082001200055100002600067245003300093250000700126260003700133300002900170500001900199600002000218650002000238942000700258952010300265999001500368240925s9999 xx 000 0 und d a205173950 a301 PAR aParrillo ,Vincent N. 0aContemporary Social Problems aNA aBoston:bAllyn and Baconc,1996. axvii,525p.bNAfOriginal aIncludes Index aSocial Sciences aSocial Sciences cBK 001040708SSaUITUbUITUd2000-08-16eNAl0o301 PARpQ2930r2024-09-25 07:12:58w2024-09-25yBK c5429d5429